Tilastot visalle Suomenkielisen Raamatun kirjat

Klikkaa tästä pelataksesi tätä visaa!

Yleistilastot

  • Tätä visaa on pelattu 674 kertaa
  • Keskiarvotulos 32 / 66

Vastaustilastot

Answer % Oikein
UTMatteuksen evankeliumi
96%
UTLuukkaan evankeliumi
95%
UTJohanneksen evankeliumi
95%
UTMarkuksen evankeliumi
95%
VT1. Mooseksen kirja
88%
VT2. Mooseksen kirja
86%
VT3. Mooseksen kirja
84%
VT4. Mooseksen kirja
83%
VT5. Mooseksen kirja
80%
UTJohanneksen ilmestys
76%
VTPsalmit
69%
VTJobin kirja
62%
VTLaulujen laulu
61%
UTKirje roomalaisille
59%
UTApostolien teot
59%
VTSananlaskut
58%
VTRuutin kirja
52%
UT1. Pietarin kirje
52%
VTJesajan kirja
50%
UT2. Pietarin kirje
49%
VTJoonan kirja
49%
VTJeremian kirja
46%
VT1. kuninkaiden kirja
46%
VTHesekielin kirja
45%
UT1. kirje korinttilaisille
45%
VT2. kuninkaiden kirja
45%
VTEsterin kirja
44%
UT2. kirje korinttilaisille
44%
VTSaarnaajan kirja
43%
UTKirje efesolaisille
43%
VTJoosuan kirja
42%
VT1. aikakirja
42%
VT1. Samuelin kirja
41%
VT2. aikakirja
41%
VTDanielin kirja
40%
UT1. kirje Timoteukselle
40%
VT2. Samuelin kirja
40%
UTJaakobin kirje
40%
UT1. Johanneksen kirje
39%
UTJuudaksen kirje
39%
VTTuomarien kirja
39%
UT2. Johanneksen kirje
39%
UT1. kirje tessalonikalaisille
39%
UT2. kirje tessalonikalaisille
38%
VTMiikan kirja
38%
UTKirje Galatalaisille
38%
VTEsran kirja
37%
UT2. kirje Timoteukselle
37%
VTValitusvirret
36%
VTMalakian kirja
35%
UTKirje filippiläisille
34%
VTSakarjan kirja
34%
UTKirje heprealaisille
34%
VTHabakukin kirja
34%
UTKirje kolossalaisille
33%
VTAamoksen kirja
33%
VTNehemian kirja
33%
UT3. Johanneksen kirje
32%
UTKirje Filemonille
31%
UTKirje Titukselle
30%
VTObadjan kirja
30%
VTHaggain kirja
28%
VTJoelin kirja
27%
VTHoosean kirja
27%
VTSefanjan kirja
26%
VTNahumin kirja
25%

Tulosjakauma

Persentiili vastausten määrän mukaan

Jokaisen tuloksen saaneiden osuus

Tuloshistoriasi

Et ole pelannut tätä visaa